| 000 | 01857cam a2200397 i 4500 | ||
|---|---|---|---|
| 001 | EDZ0000052717 | ||
| 003 | StDuBDS | ||
| 005 | 20161031105123.0 | ||
| 006 | m||||||||d|||||||| | ||
| 007 | cr ||||||||||| | ||
| 008 | 111202s2012 caua fo| 001|0|eng|d | ||
| 020 |
_a9781452218571 (ebook) : _cNo price |
||
| 040 |
_aStDuBDS _beng _cStDuBDS _erda _epn |
||
| 049 | _aAlfaisal Main Library | ||
| 050 | 0 | 0 |
_aHD62.5 _b.E62 2012 |
| 082 | 0 | 4 |
_a658.1103 _223 |
| 245 | 0 | 0 |
_aEncyclopedia of new venture management / _cMatthew R. Marvel, editor. |
| 264 | 1 |
_aThousand Oaks, California : _bSAGE Publications, _c2012. |
|
| 300 |
_a1 online resource (xxviii, 512 pages) : _billustrations (black and white) |
||
| 336 |
_atext _2rdacontent |
||
| 336 |
_astill image _2rdacontent |
||
| 337 |
_acomputer _2rdamedia |
||
| 338 |
_aonline resource _2rdacarrier |
||
| 504 | _aIncludes bibliographical references and index. | ||
| 520 | 8 | _aWhile new ventures offer those who initiate them a high degree of independence, excitement, and potential for great reward, they also bring high risk, stress and greater potential for failure. Thus, it takes a special set of skills, techniques, and temperament to succeed. These skills, along with the potential risks and rewards and environmental settings and characteristics, are explored here. | |
| 521 | _aSpecialized. | ||
| 588 | _aDescription based on online resource; title from home page (viewed on December 15, 2014). | ||
| 650 | 0 |
_aNew business enterprises _xManagement _vEncyclopedias. |
|
| 650 | 0 |
_aEntrepreneurship _vEncyclopedias. |
|
| 655 | 7 |
_aElectronic books. _2local |
|
| 700 | 1 |
_aMarvel, Matthew R., _eeditor. |
|
| 710 | 2 | _aSage eBooks | |
| 776 | 0 | 8 |
_iPrint version : _z9781412990813 |
| 856 | 4 | 0 | _uhttp://ezproxy.alfaisal.edu/login?url=http://sk.sagepub.com/reference/newventuremgmt |
| 942 |
_2lcc _cEBOOKS |
||
| 999 |
_c479719 _d479719 |
||